000 00301nam a22001337a 4500
008 170927b xxu||||| |||| 00| 0 eng d
020 _a9780135199350
041 _aeng
080 _a37
100 _a47
101 _aEDU
245 _aINTELLIGENT DECISION SUPPORT METHODS
_cDHAR,V
942 _2udc
_cBK
999 _c30245
_d30245